Movies Quiz

Random Movies Quiz

Fictional Real Names Quiz Stats

 Plays Quiz not verified by Sporcle

Challenge
Share
Tweet
Embed
Score 0/20 Timer 03:00
0 Plays Today
AKA Real Name % Correct
Darth VaderAnakin Skywalker
90.1%
Calvin KleinMarty McFly
67.7%
StriderAragorn
46.9%
The Good Witch of the NorthGlinda
42.2%
Indiana JonesDr. Henry Jones, Jr.
41.9%
NeoThomas Anderson
40.3%
Rain ManRaymond Babbitt
40.3%
The Bride/Black MambaBeatrix Kiddo
39.6%
Roy (Rogers)Officer John McClane
31.7%
The Man in Black/The Dread Pirate RobertsWestley
28.4%
AKA Real Name % Correct
McLovin'Fogell
23.1%
ZeroHector Zeroni
14.2%
Mr. BlondeVic Vega
14.2%
The GodfatherMitch Martin
13.5%
SunshineRonnie Bass
10.2%
Agent JJames Darrel Edwards III
7.6%
Grandma DeathRoberta Sparrow
3.6%
TronAlan Bradley
3.3%
Gus's SonOwen
2%
Yeah-YeahAlan McClennan
0.3%

You're not logged in!

Compare scores with friends on all Sporcle quizzes.
OR
Log In

You Might Also Like...

Show Comments

Extras

Top Quizzes Today


Score Distribution

Your Account Isn't Verified!

In order to create a playlist on Sporcle, you need to verify the email address you used during registration. Go to your Sporcle Settings to finish the process.

Report this User

Report this user for behavior that violates our Community Guidelines.

Details: